000 00681nam a2200265Ia 4500
003 OSt
005 20221006151502.0
006 a|||||r|||| 00| 0
007 ta
008 221006b |||||||| |||| 00| 0 jpn d
020 _c¥1500
024 _a22,288
037 _cTextual
040 _aEASL
_cEASL
_bjpn
041 _2jpn
_ajpn
082 _aX:275p42,N, K7
100 _aSHINOHARA Miyohei etc
_9659311
245 0 _aNihon no keizai seicho
260 _aTokyo
_bKeizai Shinbunsha Japan
_c1967
300 _a389p.
_ccm.
490 _v JL
650 _aJL
942 _hX:275p42,N, K7
_cTEXL
_2CC
999 _c1090374
_d1090374